000 00769nam a2200289Ia 4500
003 OSt
005 20221007111049.0
006 a|||||r|||| 00| 0
007 ta
008 221006b |||||||| |||| 00| 0 eng d
024 _a22,485
037 _cTextual
040 _aLCO
_cLCO
_beng
041 _2eng
_aeng
082 _aX724:(Z), K9
100 _aPalkhivala N.A.
245 0 _aLaw and Practice of Income Tax.2V
250 _a6th
260 _aBombay
_bN.M. Tripathi Private Limited India
_c1969
300 _a1208+1096
490 _vVol.- II
650 _aINCOME TAX
700 _a Kanga
700 _a Palkhivala B.A.
942 _hX724:(Z), K9
_cTEXL
999 _c1192048
_d1192048